El oro y la crisis del dólar: el futuro de la convertibilidad

Guardat en:
Dades bibliogràfiques
Autor principal: Triffin, Robert (Autor)
Format: Llibre
Idioma:espanyol
Publicat: Ciudad de México Fondo de Cultura Económica 1962
Matèries:
Etiquetes: Afegir etiqueta
Sense etiquetes, Sigues el primer a etiquetar aquest registre!

MARC

LEADER 00000nam a2200000 a 4500
001 UCT3707
003 CL-VaPUC
008 961024e19620000MX |||||||||||||||||spa|d
082 0 4 |a 332.45  |b TRI  |2 21 
100 0 |a Triffin, Robert  |e author  |9 372692 
245 1 3 |a El oro y la crisis del dólar: el futuro de la convertibilidad 
300 |a 206 p 
942 |c BK 
945 |d 19961024 00:00:00  |a nastorga 
260 |a Ciudad de México  |b Fondo de Cultura Económica  |c 1962 
650 7 |a CONVERTIBILIDAD DE LA MONEDA  |2 CL-VaPUC  |9 372693 
650 7 |a DOLAR  |2 CL-VaPUC  |9 372694 
650 0 |a Política monetaria  |9 258279 
650 7 |a REVALUACION  |2 CL-VaPUC  |9 372695 
650 7 |a DIVISAS  |2 CL-VaPUC  |9 372696 
650 0 |a Mercado  |9 321497 
650 7 |a BALANZAS DE PAGO  |2 CL-VaPUC  |9 372697 
650 7 |a ORO  |2 CL-VaPUC  |9 324927 
650 7 |a CAMBIO  |2 CL-VaPUC  |9 307568 
583 |a last modification  |c 19961024 00:00:00  |k Rodrigo Vera 
999 |c 253263  |d 253261 
952 |0 0  |1 0  |4 0  |6 332_450000000000000_TRI_1962  |7 0  |8 A  |9 273935  |a BIBENE  |b BIBENE  |d 2019-11-19  |i 3238474  |o 332.45 TRI 1962  |p 3238474  |r 2025-01-15  |w 2019-11-19  |y BK  |k ICO